000 00402nam a22001577a 4500
003 OSt
008 260218b |||||||| |||| 00| 0 eng d
020 _a9789347435478
082 _a379.54 SAE
100 _aSANAY,Vikram
245 _aEducating the Educator:The Unfinished Agenda of NEP 2020
250 _a-
260 _aNew Delhi
_bHar Anand Publication
_c2026
300 _a240p
942 _2ddc
_cREF
999 _c13830
_d13830